000 00727cam a22002057a 4500
020 _a9251052468 (pbk.)
040 _cCAR
082 0 4 _a664 FOO 2004 A036 Or.
110 2 _aJoint FAO/WHO Expert Committee on Food Additives.
245 1 0 _aCompendium of food additive specifications.
260 _aRome :
_bWorld Health Organization :
_bFood and Agriculture Organization of the United Nations,
_c2004.
300 _aviii, 127 p. :
_bill. ;
_c30 cm.
500 _a"TC/M/Y5777E/1/12.04/1200"--P. [4] of cover.
500 _aIncludes index.
650 0 _aFood additives
650 0 _aFood additives
710 2 _aWorld Health Organization.
710 2 _aFood and Agriculture Organization of the United Nations.
942 _cEK
999 _c11390
_d11390